00526nam a22002057a 4500003000500000005001700005008004100022010001000063011001000073035001000083040000900093100002800102245007400130260002000204300000800224490002400232650002200256650001800278830002400296CHAP20220329135630.0971013s1965 r 00010 d a39643 a40615 a44741 cCHAP00aMontrose Mexicana, S.A. aD.D.T. dicloro difenil tricloroetanob: el insecticida de tradición a(s.l.),c(1965) a6 p aBoletín técnico14aDDT (Insecticida)14aInsecticidas.0 aBoletín técnico